[Event "Teplice Open 2019"]
[Site "Teplice"]
[Date "2019.06.15"]
[Round "1.10"]
[White "Kastek, Thomas"]
[Black "Hracek, Zbynek"]
[Result "0-1"]
[WhiteElo "2112"]
[BlackElo "2582"]
[Annotator "RC"]
[PlyCount "64"]
[EventDate "2019.06.15"]
[EventType "swiss"]
[EventCountry "CZE"]
[SourceTitle "playchess.com"]
[Source "ChessBase"]
[SourceQuality "1"]
[TimeControl "40/5400+30:1800+30"]

1. c4 {[%emt 0:00:00]} c5 {[%emt 0:00:02]} 2. g3 {[%emt 0:00:00]} g6 {[%emt 0:00:07]} 3. Bg2 {[%emt 0:00:00]} Bg7 {[%emt 0:00:06]} 4. Nc3 {[%emt 0:00:06]} Nc6 {[%emt 0:00:05]} 5. e4 {[%emt 0:04:53]} e6 {[%emt 0:02:58]} 6. Nge2 {[%emt 0:00:35]} Nge7 {[%emt 0:00:13]} 7. d3 {[%emt 0:01:16]} a6 {[%emt 0:10:56]} 8. Rb1 {[%emt 0:12:48]} O-O {[%emt 0:06:29]} 9. O-O {[%emt 0:01:41]} b5 {[%emt 0:01:56]} 10. cxb5 {[%emt 0:03:33]} axb5 {[%emt 0:00:06]} 11. Nxb5 {[%emt 0:00:07]} Rxa2 {[%emt 0:00:27]} 12. Na3 {[%emt 0:05:36]} Na5 {[%emt 0:20:30]} 13. Qc2 {[%emt 0:23:42]} Nec6 {[%emt 0:05:58]} 14. Nc3 {[%emt 0:21:13]} Nb4 {[%emt 0:21:43]} 15. Qd1 {[%emt 0:03:12]} Bxc3 {[%emt 0:04:19]} 16. bxc3 {[%emt 0:00:14]} Nbc6 {[%emt 0:00:02]} 17. Nb5 {[%emt 0:07:04]} d6 {[%emt 0:07:29]} 18. Bh6 {[%emt 0:00:51]} Re8 {[%emt 0:00:05]} 19. d4 {[%emt 0:04:26]} cxd4 {[%emt 0:00:54]} 20. cxd4 {[%emt 0:00:20]} Ba6 {[%emt 0:00:26]} 21. Re1 {[%emt 0:01:29]} Qf6 {[%emt 0:04:22]} 22. f4 {[%emt 0:04:14]} Bxb5 {[%emt 0:01:02]} 23. e5 {[%emt 0:00:41]} dxe5 {[%emt 0:02:49]} 24. dxe5 {[%emt 0:01:43]} Qe7 {[%emt 0:06:21]} 25. Rxb5 {[%emt 0:00:05]} Rd8 {[%emt 0:01:38]} 26. Qc1 {[%emt 0:01:16]} Rdd2 {[%emt 0:00:54]} 27. Bxc6 {[%emt 0:00:35]} Nxc6 {[%emt 0:00:25]} 28. Qxc6 {[%emt 0:00:25]} Qa7+ {[%emt 0:00:03]} 29. Qc5 {[%emt 0:00:48]} Rg2+ {[%emt 0:00:07]} 30. Kh1 {[%emt 0:00:02]} Rxh2+ {[%emt 0:00:06]} 31. Kg1 {[%emt 0:00:06]} Rh1+ {[%emt 0:02:08]} 32. Kxh1 {[%emt 0:01:16]} Qa8+ {[%emt 0:00:01]} 0-1

[Event "Teplice Open 2019"]
[Site "Teplice"]
[Date "2019.06.15"]
[Round "1.11"]
[White "Romanov, Evgeny"]
[Black "Lys, Josef"]
[Result "1-0"]
[WhiteElo "2577"]
[BlackElo "2108"]
[Annotator "ChessBase"]
[PlyCount "31"]
[EventDate "2019.06.15"]
[EventType "swiss"]
[EventCountry "CZE"]
[SourceTitle "playchess.com"]
[Source "ChessBase"]
[SourceQuality "1"]
[TimeControl "40/5400+30:1800+30"]

1. c4 {[%emt 0:01:25]} e5 {[%emt 0:00:00]} 2. g3 {[%emt 0:00:10]} c6 {[%emt 0:00:01]} 3. Nf3 {[%emt 0:00:12]} Qc7 {[%emt 0:00:34]} 4. Nc3 {[%emt 0:01:41]} d6 {[%emt 0:00:16]} 5. d4 {[%emt 0:00:39]} Nf6 {[%emt 0:00:40]} 6. Bg2 {[%emt 0:05:23]} Bg4 {[%emt 0:02:56]} 7. O-O {[%emt 0:00:48]} Be7 {[%emt 0:01:11]} 8. h3 {[%emt 0:04:10]} Bxf3 {[%emt 0:01:55]} 9. exf3 {[%emt 0:00:50]} O-O {[%emt 0:00:20]} 10. f4 {[%emt 0:01:13]} exd4 {[%emt 0:02:50]} 11. Qxd4 {[%emt 0:01:52]} Nbd7 {[%emt 0:01:40]} 12. g4 {[%emt 0:00:40]} a5 {[%emt 0:02:31]} 13. g5 {[%emt 0:02:05]} Ne8 {[%emt 0:00:18]} 14. Re1 {[%emt 0:00:33]} Nc5 {[%emt 0:01:11]} 15. Qe3 {[%emt 0:11:56]} Bd8 {[%emt 0:00:56]} 16. Qxe8 {[%emt 0:00:27]} 1-0

[Event "Teplice Open 2019"]
[Site "Teplice"]
[Date "2019.06.15"]
[Round "1.12"]
[White "Horak, Ales"]
[Black "Epishin, Vladimir"]
[Result "0-1"]
[WhiteElo "2106"]
[BlackElo "2564"]
[Annotator "RC"]
[PlyCount "88"]
[EventDate "2019.06.15"]
[EventType "swiss"]
[EventCountry "CZE"]
[SourceTitle "playchess.com"]
[Source "ChessBase"]
[SourceQuality "1"]
[TimeControl "40/5400+30:1800+30"]

1. e4 {[%emt 0:00:00]} g6 {[%emt 0:00:44]} 2. d4 {[%emt 0:00:34]} Bg7 {[%emt 0:00:00]} 3. Nf3 {[%emt 0:01:12]} d6 {[%emt 0:00:29]} 4. Bc4 {[%emt 0:02:31]} Nf6 {[%emt 0:00:31]} 5. e5 {[%emt 0:01:59]} dxe5 {[%emt 0:00:43]} 6. Nxe5 {[%emt 0:00:25]} O-O {[%emt 0:00:18]} 7. O-O {[%emt 0:01:15]} Nbd7 {[%emt 0:03:35]} 8. Bg5 {[%emt 0:17:21]} Nxe5 {[%emt 0:07:34]} 9. dxe5 {[%emt 0:00:10]} Ne4 {[%emt 0:00:25]} 10. Qxd8 {[%emt 0:03:57]} Rxd8 {[%emt 0:01:47]} 11. Bxe7 {[%emt 0:02:09]} Re8 {[%emt 0:00:19]} 12. Bf6 {[%emt 0:02:45]} Nxf6 {[%emt 0:00:30]} 13. exf6 {[%emt 0:00:17]} Bxf6 {[%emt 0:00:07]} 14. Nc3 {[%emt 0:01:25]} Bf5 {[%emt 0:02:26]} 15. Nd5 {[%emt 0:03:07]} Be5 {[%emt 0:02:38]} 16. Ne3 {[%emt 0:03:08]} Be4 {[%emt 0:01:10]} 17. c3 {[%emt 0:00:42]} Rad8 {[%emt 0:02:56]} 18. Rad1 {[%emt 0:02:25]} Bc6 {[%emt 0:03:32]} 19. Rxd8 {[%emt 0:07:30]} Rxd8 {[%emt 0:00:08]} 20. Rd1 {[%emt 0:00:05]} Rb8 {[%emt 0:01:08]} 21. Nd5 {[%emt 0:02:22]} Kg7 {[%emt 0:01:43]} 22. Ne7 {[%emt 0:02:58]} Be8 {[%emt 0:00:53]} 23. Nd5 {[%emt 0:01:55]} a5 {[%emt 0:01:17]} 24. Re1 {[%emt 0:06:57]} Bd6 {[%emt 0:00:12]} 25. a3 {[%emt 0:06:46]} b5 {[%emt 0:01:09]} 26. Ba2 {[%emt 0:00:24]} Bd7 {[%emt 0:01:05]} 27. Ne3 {[%emt 0:00:37]} f5 {[%emt 0:02:17]} 28. Nc2 {[%emt 0:02:48]} Rd8 {[%emt 0:04:08]} 29. h4 {[%emt 0:03:54]} Kf6 {[%emt 0:00:44]} 30. Ne3 {[%emt 0:01:46]} c6 {[%emt 0:00:38]} 31. Rd1 {[%emt 0:02:57]} Bc7 {[%emt 0:00:48]} 32. Kf1 {[%emt 0:01:01]} a4 {[%emt 0:03:49]} 33. Bb1 {[%emt 0:03:15]} f4 {[%emt 0:03:03]} 34. Nc2 {[%emt 0:01:00]} Bf5 {[%emt 0:00:45]} 35. Rc1 {[%emt 0:00:50]} Bb6 {[%emt 0:00:42]} 36. Nd4 {[%emt 0:04:46]} Bxb1 {[%emt 0:01:09]} 37. Rxb1 {[%emt 0:00:08]} Bxd4 {[%emt 0:00:08]} 38. cxd4 {[%emt 0:00:04]} Rxd4 {[%emt 0:00:08]} 39. Ke2 {[%emt 0:00:20]} c5 {[%emt 0:00:33]} 40. Rc1 {[%emt 0:01:12]} c4 {[%emt 0:00:10]} 41. Rc2 {[%emt 0:30:22]} Ke5 {[%emt 0:30:37]} 42. Kf3 {[%emt 0:01:27]} h5 {[%emt 0:01:36]} 43. Re2+ {[%emt 0:00:13]} Kf5 {[%emt 0:00:24]} 44. g3 {[%emt 0:01:35]} Rd3+ {[%emt 0:00:14]} 0-1

[Event "Teplice Open 2019"]
[Site "Teplice"]
[Date "2019.06.15"]
[Round "1.13"]
[White "Dastan, Muhammed Batuhan"]
[Black "Aflalo, Sophie"]
[Result "1-0"]
[WhiteElo "2561"]
[BlackElo "2091"]
[Annotator "TA"]
[PlyCount "33"]
[EventDate "2019.06.15"]
[EventType "swiss"]
[EventCountry "CZE"]
[SourceTitle "playchess.com"]
[Source "ChessBase"]
[SourceQuality "1"]

{[%evp 7,7,34]} 1. e4 c5 2. Nf3 Nc6 3. c3 Nf6 4. e5 {Predecessor:} Nd5 $146 5. d4 cxd4 6. cxd4 d6 7. Bc4 Nb6 8. Bb5 Bd7 9. exd6 e6 10. Bg5 f6 11. Bh4 Bxd6 12. Nc3 Nb4 13. O-O O-O 14. Qb3 Re8 15. Bg3 Bxb5 16. Nxb5 Bxg3 17. Qxb4 {0-1 (66) Karjakin,S (2752)-Carlsen,M (2861) Abidjan 2019} 1-0

[Event "Teplice Open 2019"]
[Site "Teplice"]
[Date "2019.06.15"]
[Round "1.14"]
[White "Novotny, Martin"]
[Black "Vorobiov, Evgeny E."]
[Result "0-1"]
[WhiteElo "2089"]
[BlackElo "2556"]
[Annotator "RC"]
[PlyCount "78"]
[EventDate "2019.06.15"]
[EventType "swiss"]
[EventCountry "CZE"]
[SourceTitle "playchess.com"]
[Source "ChessBase"]
[SourceQuality "1"]
[TimeControl "40/5400+30:1800+30"]

1. d4 {[%emt 0:00:00]} d5 {[%emt 0:00:58]} 2. c4 {[%emt 0:00:00]} dxc4 {[%emt 0:00:04]} 3. Nf3 {[%emt 0:01:47]} a6 {[%emt 0:00:06]} 4. a4 {[%emt 0:02:05]} Nc6 {[%emt 0:02:43]} 5. e3 {[%emt 0:03:43]} Bg4 {[%emt 0:00:31]} 6. Bxc4 {[%emt 0:03:18]} e6 {[%emt 0:00:10]} 7. O-O {[%emt 0:01:34]} Nf6 {[%emt 0:00:21]} 8. Nbd2 {[%emt 0:02:24]} Be7 {[%emt 0:01:42]} 9. b3 {[%emt 0:01:08]} O-O {[%emt 0:00:45]} 10. Bb2 {[%emt 0:01:09]} Nb4 {[%emt 0:01:27]} 11. Rc1 {[%emt 0:03:24]} Rc8 {[%emt 0:05:03]} 12. Be2 {[%emt 0:07:08]} c5 {[%emt 0:20:27]} 13. Nc4 {[%emt 0:07:56]} Nfd5 {[%emt 0:05:36]} 14. dxc5 {[%emt 0:11:33]} Bxc5 {[%emt 0:02:40]} 15. Nd4 {[%emt 0:00:37]} Bxe2 {[%emt 0:03:20]} 16. Qxe2 {[%emt 0:00:09]} Qe7 {[%emt 0:02:30]} 17. Rfd1 {[%emt 0:02:45]} Rfd8 {[%emt 0:01:44]} 18. Qg4 {[%emt 0:10:24]} Nf6 {[%emt 0:04:25]} 19. Qf3 {[%emt 0:01:51]} Rc7 {[%emt 0:06:11]} 20. a5 {[%emt 0:04:16]} Rcd7 {[%emt 0:04:16]} 21. h3 {[%emt 0:07:42]} h6 {[%emt 0:03:12]} 22. g4 {[%emt 0:11:02]} Nh7 {[%emt 0:05:36]} 23. Kg2 {[%emt 0:01:21]} Nf8 {[%emt 0:05:01]} 24. Ba3 {[%emt 0:04:11]} Ng6 {[%emt 0:02:24]} 25. Kh2 {[%emt 0:03:43]} Rd5 {[%emt 0:04:10]} 26. Nb6 {[%emt 0:02:33]} Bxb6 {[%emt 0:01:20]} 27. axb6 {[%emt 0:00:05]} Qd6+ {[%emt 0:00:29]} 28. Kg1 {[%emt 0:01:49]} Qxb6 {[%emt 0:01:21]} 29. Bb2 {[%emt 0:02:39]} Ne5 {[%emt 0:05:23]} 30. Qe2 {[%emt 0:01:42]} Ned3 {[%emt 0:01:12]} 31. Rxd3 {[%emt 0:00:31]} Nxd3 {[%emt 0:00:06]} 32. Qxd3 {[%emt 0:00:06]} e5 {[%emt 0:00:03]} 33. Qc4 {[%emt 0:00:38]} exd4 {[%emt 0:00:57]} 34. Bxd4 {[%emt 0:00:03]} Qg6 {[%emt 0:01:34]} 35. Kh2 {[%emt 0:00:38]} Qe4 {[%emt 0:02:29]} 36. Qc3 {[%emt 0:01:12]} Qf3 {[%emt 0:01:43]} 37. Rc2 {[%emt 0:00:31]} h5 {[%emt 0:00:33]} 38. e4 {[%emt 0:00:47]} Qf4+ {[%emt 0:00:19]} 39. Kg1 {[%emt 0:00:23]} Rxd4 {[%emt 0:00:17]} 0-1

[Event "Teplice Open 2019"]
[Site "Teplice"]
[Date "2019.06.15"]
[Round "1.15"]
[White "Stocek, Jiri"]
[Black "Moreto Quintana, Alex"]
[Result "1/2-1/2"]
[WhiteElo "2551"]
[BlackElo "2088"]
[Annotator "TA"]
[PlyCount "136"]
[EventDate "2019.06.15"]
[EventType "swiss"]
[EventCountry "CZE"]
[SourceTitle "playchess.com"]
[Source "ChessBase"]
[SourceQuality "1"]

{[%evp 14,136,-14,-25,23,22,49,55,53,12,18,37,30,31,50,0,0,-66,0,0,0,-35,-43,-29,6,6,7,20,20,9,31,18,27,9,41,55,52,18,62,8,16,15,19,31,23,12,20,0,79,79,53,0,0,0,0,0,833,-12,-21,-49,0,-14,-14,-234,0,-19,-8,-8,-8,-8,0,-8,0,0,0,0,0,0,0,0,0,0,0,0,0,0,0,0,0,0,0,0,0,0,0,0,0,0,0,0,0,0,0,0,0,0,0,0,0,0,0,0,0,0,0,0,0,0,0,0,0,0,0,0,0]} 1. d4 Nf6 2. c4 e6 3. Nf3 d5 4. Nc3 dxc4 5. e4 Bb4 6. Qc2 b5 7. a4 c6 8. Be2 a5 {D31: Queen's Gambit Declined: Semi-Slav without ...Nf6 (+ Marshall Gambit and Noteboom) and Exchange Variation lines without ...Nf6} (8... Bb7 9. Bg5 h6 10. Bh4 c5 11. d5 exd5 12. exd5 O-O 13. axb5 Nbd7 14. O-O Bxc3 15. Qxc3 Nxd5 16. Qxc4 {1-0 (37) Aronian,L (2805)-Duda,J (2717) Riadh 2017}) 9. O-O Ba6 10. Rd1 $146 {[%mdl 1024] White has compensation.} ({Predecessor:} 10. Bg5 Qb6 11. e5 Nd5 12. Ne4 Nd7 13. Rfd1 h6 14. Bd2 Be7 15. axb5 cxb5 16. Bxa5 {½-½ (54) Vach,P (2104)-Kundrak,V (1942) Slovakia 2008}) 10... O-O {White is slightly better.} 11. e5 Nd5 12. Ng5 {[%csl Gg5][%cal Rc2h7]} g6 13. Qe4 Kg7 $1 (13... Nxc3 14. bxc3 Be7 15. Qh4 $18) (13... Bxc3 $2 14. Qh4 $18) 14. Qf3 {Qxf7+! is the strong threat.} (14. Nxd5 cxd5 15. Qf4 (15. Qh4 Rh8 $15) 15... Qe7 $11) 14... Be7 15. Qg3 (15. Nce4 $11) 15... Nd7 (15... b4 $15 16. Nce4 h6) 16. axb5 $11 Bxb5 17. h4 h6 18. Nf3 Nxc3 19. bxc3 Nb6 {[%cal Bd7b6,Bb6d5,Bd5f4,Bf4d3][%mdl 32]} 20. h5 g5 21. Nd2 Nd5 22. Bxc4 Nf4 23. Qg4 Nd3 24. Bxd3 Bxd3 25. Ba3 c5 26. Ne4 (26. Qf3 $14 c4 27. Ne4) 26... Bc2 27. Rd2 $40 {[%mdl 128] White mounts an attack.} Bxe4 $1 28. Qxe4 cxd4 29. Rxd4 Qc7 30. Rad1 {Threatens to win with Rd7!} Rfd8 ({Don't blunder} 30... Bxa3 $2 31. Rd7 $1 $18 {[%mdl 512]}) (30... Ra7 $1 $11 31. Bxe7 Qxe7) 31. Bd6 $16 Bxd6 32. exd6 ({White should play} 32. Rxd6 $14 Kg8 33. f4) 32... Qxc3 $11 33. d7 Qc5 34. Rc4 Qf5 $2 {[%mdl 8192] [#]} (34... Qe7 $11) 35. Qc6 $2 ({White must play} 35. Qxa8 $1 $18 {[%mdl 512]} Rxa8 36. Rc8) 35... Ra7 36. Rcd4 e5 37. Qb5 a4 38. Re1 $2 (38. Rd5 $11 {and White has nothing to worry.}) 38... f6 $2 ({Much less strong is} 38... Raxd7 39. Rxe5 Qf6 40. Rxd7 $17) (38... a3 $19 {[%cal Ra7d7]} 39. Red1 a2) 39. Rxa4 {The position is equal.} Rxa4 40. Qxa4 Qxd7 {[%mdl 4096] Endgame KQR-KQR} ({Resist} 40... Rxd7 41. g4 $15) 41. Qe4 {Black must now prevent Qg6+.} Qf7 42. Qf3 Rd7 43. Qf5 Rd8 44. Rb1 Kg8 45. g4 Kg7 46. Kh2 Kg8 47. Rb6 Kg7 48. Rc6 Rd7 49. Rc8 Re7 50. Ra8 {And now Qc8 would win.} Re8 51. Ra4 {[#]} e4 $1 {[%mdl 512]} 52. Rxe4 Rxe4 53. Qxe4 {KQ-KQ} f5 54. gxf5 (54. Qe5+ {is more complex.} Qf6 55. Qc7+ Qf7 56. Qe5+) 54... Qxh5+ 55. Kg2 Qf7 56. Kg3 Qc7+ 57. Kg4 Qf7 58. Qd4+ Qf6 59. Qd7+ Qf7 60. Qd4+ Qf6 61. Qc5 Qf7 62. Qe5+ Qf6 63. f4 gxf4 64. Qxf4 Qg5+ 65. Qxg5+ hxg5 66. Kxg5 Kf7 67. f6 $1 Kf8 68. Kg6 {White wants to mate with f7.} Kg8 {Accuracy: White = 54%, Black = 65%.} 1/2-1/2

[Event "Teplice Open 2019"]
[Site "Teplice"]
[Date "2019.06.15"]
[Round "1.16"]
[White "Janda, Zdenek"]
[Black "Babula, Vlastimil"]
[Result "0-1"]
[WhiteElo "2082"]
[BlackElo "2550"]
[Annotator "RC"]
[PlyCount "104"]
[EventDate "2019.06.15"]
[EventType "swiss"]
[EventCountry "CZE"]
[SourceTitle "playchess.com"]
[Source "ChessBase"]
[SourceQuality "1"]
[TimeControl "40/5400+30:1800+30"]

1. d4 {[%emt 0:00:00]} Nf6 {[%emt 0:00:00]} 2. Nf3 {[%emt 0:00:00]} g6 {[%emt 0:00:12]} 3. Bf4 {[%emt 0:00:12]} Bg7 {[%emt 0:00:37]} 4. e3 {[%emt 0:00:15]} d6 {[%emt 0:01:08]} 5. Bc4 {[%emt 0:01:32]} O-O {[%emt 0:04:26]} 6. c3 {[%emt 0:01:25]} Nbd7 {[%emt 0:01:37]} 7. h3 {[%emt 0:02:19]} b6 {[%emt 0:09:18]} 8. O-O {[%emt 0:03:41]} Bb7 {[%emt 0:00:11]} 9. Nbd2 {[%emt 0:00:10]} Qe8 {[%emt 0:03:50]} 10. Bh2 {[%emt 0:08:19]} e5 {[%emt 0:00:39]} 11. dxe5 {[%emt 0:02:47]} dxe5 {[%emt 0:01:12]} 12. Qe2 {[%emt 0:01:32]} a6 {[%emt 0:05:20]} 13. Rfd1 {[%emt 0:09:43]} e4 {[%emt 0:04:19]} 14. Ne1 {[%emt 0:06:40]} Ne5 {[%emt 0:09:02]} 15. a4 {[%emt 0:06:47]} Nfd7 {[%emt 0:03:12]} 16. Nb3 {[%emt 0:02:10]} c6 {[%emt 0:11:13]} 17. Nd2 {[%emt 0:05:12]} c5 {[%emt 0:02:00]} 18. Bb3 {[%emt 0:03:39]} Qe7 {[%emt 0:06:22]} 19. Nc4 {[%emt 0:02:17]} Nxc4 {[%emt 0:00:16]} 20. Bxc4 {[%emt 0:00:07]} Be5 {[%emt 0:00:42]} 21. Bxe5 {[%emt 0:02:38]} Nxe5 {[%emt 0:00:07]} 22. Bd5 {[%emt 0:00:19]} Rfd8 {[%emt 0:07:44]} 23. Bxb7 {[%emt 0:03:32]} Qxb7 {[%emt 0:00:05]} 24. Rxd8+ {[%emt 0:01:30]} Rxd8 {[%emt 0:00:03]} 25. Rd1 {[%emt 0:00:15]} Rd5 {[%emt 0:06:08]} 26. f4 {[%emt 0:04:28]} Nc4 {[%emt 0:03:13]} 27. Rxd5 {[%emt 0:07:42]} Qxd5 {[%emt 0:00:04]} 28. Kf2 {[%emt 0:00:24]} f5 {[%emt 0:08:25]} 29. g4 {[%emt 0:03:51]} Qd2 {[%emt 0:04:43]} 30. b3 {[%emt 0:11:00]} Qxe2+ {[%emt 0:00:11]} 31. Kxe2 {[%emt 0:00:07]} Na5 {[%emt 0:00:09]} 32. b4 {[%emt 0:01:05]} Nc4 {[%emt 0:00:31]} 33. gxf5 {[%emt 0:03:56]} gxf5 {[%emt 0:00:05]} 34. Ng2 {[%emt 0:00:13]} Kf7 {[%emt 0:01:24]} 35. Kd1 {[%emt 0:05:14]} cxb4 {[%emt 0:02:39]} 36. Kc2 {[%emt 0:00:23]} bxc3 {[%emt 0:01:45]} 37. Kxc3 {[%emt 0:00:10]} Na5 {[%emt 0:01:56]} 38. Ne1 {[%emt 0:01:24]} Ke6 {[%emt 0:00:55]} 39. Nc2 {[%emt 0:00:29]} Nc6 {[%emt 0:00:15]} 40. Kc4 {[%emt 0:01:03]} Kd6 {[%emt 0:00:07]} 41. Na3 {[%emt 0:02:13]} Na5+ {[%emt 0:03:39]} 42. Kd4 {[%emt 0:01:27]} h6 {[%emt 0:02:21]} 43. Nc2 {[%emt 0:00:46]} b5 {[%emt 0:01:04]} 44. axb5 {[%emt 0:02:47]} axb5 {[%emt 0:00:04]} 45. Kc3 {[%emt 0:00:13]} Nc6 {[%emt 0:01:23]} 46. Na1 {[%emt 0:01:27]} Ke6 {[%emt 0:07:23]} 47. Kb3 {[%emt 0:02:07]} Kd5 {[%emt 0:03:57]} 48. Kc3 {[%emt 0:19:40]} b4+ {[%emt 0:00:57]} 49. Kb3 {[%emt 0:00:46]} Kc5 {[%emt 0:00:26]} 50. Nc2 {[%emt 0:01:53]} Kb5 {[%emt 0:01:44]} 51. Ne1 {[%emt 0:01:42]} Na5+ {[%emt 0:00:22]} 52. Kc2 {[%emt 0:00:53]} Ka4 {[%emt 0:00:43]} 0-1

[Event "Teplice Open 2019"]
[Site "Teplice"]
[Date "2019.06.15"]
[Round "1.17"]
[White "Plat, Vojtech"]
[Black "Mulenko, Alexander"]
[Result "1-0"]
[WhiteElo "2547"]
[BlackElo "2075"]
[Annotator "ChessBase"]
[PlyCount "75"]
[EventDate "2019.06.15"]
[EventType "swiss"]
[EventCountry "CZE"]
[SourceTitle "playchess.com"]
[Source "ChessBase"]
[SourceQuality "1"]
[TimeControl "40/5400+30:1800+30"]

1. e4 {[%emt 0:00:08]} Nf6 {[%emt 0:00:00]} 2. e5 {[%emt 0:00:09]} Nd5 {[%emt 0:00:01]} 3. d4 {[%emt 0:01:02]} d6 {[%emt 0:00:08]} 4. exd6 {[%emt 0:00:18]} cxd6 {[%emt 0:01:01]} 5. Nf3 {[%emt 0:00:05]} g6 {[%emt 0:01:52]} 6. a4 {[%emt 0:01:21]} Bg7 {[%emt 0:00:48]} 7. Bc4 {[%emt 0:01:50]} Nf6 {[%emt 0:02:50]} 8. Nc3 {[%emt 0:01:34]} d5 {[%emt 0:01:01]} 9. Bb5+ {[%emt 0:00:05]} Bd7 {[%emt 0:00:35]} 10. Ne5 {[%emt 0:00:08]} O-O {[%emt 0:04:17]} 11. O-O {[%emt 0:02:18]} Nc6 {[%emt 0:05:14]} 12. Re1 {[%emt 0:01:19]} Rc8 {[%emt 0:01:44]} 13. Bg5 {[%emt 0:01:04]} a6 {[%emt 0:01:23]} 14. Bf1 {[%emt 0:00:44]} Bf5 {[%emt 0:08:03]} 15. Nxc6 {[%emt 0:01:18]} Rxc6 {[%emt 0:00:42]} 16. Ra3 {[%emt 0:00:10]} h6 {[%emt 0:06:23]} 17. Bf4 {[%emt 0:00:38]} Ne4 {[%emt 0:03:14]} 18. Nxe4 {[%emt 0:00:10]} Bxe4 {[%emt 0:00:19]} 19. c3 {[%emt 0:00:06]} g5 {[%emt 0:01:55]} 20. Bg3 {[%emt 0:00:14]} Bg6 {[%emt 0:04:39]} 21. Rb3 {[%emt 0:02:04]} Qd7 {[%emt 0:06:09]} 22. Rb4 {[%emt 0:00:13]} a5 {[%emt 0:08:56]} 23. Rb5 {[%emt 0:00:34]} b6 {[%emt 0:00:43]} 24. Qb3 {[%emt 0:01:21]} e6 {[%emt 0:00:38]} 25. Rxb6 {[%emt 0:01:24]} Rxb6 {[%emt 0:00:17]} 26. Qxb6 {[%emt 0:00:05]} Qxa4 {[%emt 0:00:40]} 27. Bd6 {[%emt 0:00:13]} Ra8 {[%emt 0:04:27]} 28. Bb5 {[%emt 0:02:51]} Qb3 {[%emt 0:01:33]} 29. Qb7 {[%emt 0:04:30]} Rd8 {[%emt 0:03:12]} 30. Be7 {[%emt 0:01:12]} Re8 {[%emt 0:00:46]} 31. Bb4 {[%emt 0:01:25]} axb4 {[%emt 0:02:44]} 32. Bxe8 {[%emt 0:00:06]} Qxb2 {[%emt 0:00:21]} 33. Qxb4 {[%emt 0:00:08]} Qxb4 {[%emt 0:05:25]} 34. cxb4 {[%emt 0:00:05]} Bxd4 {[%emt 0:00:07]} 35. b5 {[%emt 0:00:15]} Kf8 {[%emt 0:00:52]} 36. Bc6 {[%emt 0:05:09]} Be4 {[%emt 0:02:43]} 37. Rd1 {[%emt 0:00:03]} e5 {[%emt 0:04:14]} 38. Rxd4 {[%emt 0:00:33]} 1-0

[Event "Teplice Open 2019"]
[Site "Teplice"]
[Date "2019.06.15"]
[Round "1.18"]
[White "Harshita Guddanti"]
[Black "Shevchenko, Kirill"]
[Result "0-1"]
[WhiteElo "2072"]
[BlackElo "2539"]
[Annotator "TA"]
[PlyCount "60"]
[EventDate "2019.06.15"]
[EventType "swiss"]
[EventCountry "CZE"]
[SourceTitle "playchess.com"]
[Source "ChessBase"]
[SourceQuality "1"]

{[%evp 14,60,29,19,29,23,40,31,50,38,37,38,81,86,82,84,83,78,93,43,65,45,54,60,39,9,22,-2,7,-89,-81,-114,-114,-116,-103,-112,0,0,0,0,0,-375,-362,-365,-369,-787,-719,-1133,-1093]} 1. e4 c5 2. Nf3 d6 3. d4 cxd4 4. Nxd4 Nf6 5. Nc3 a6 6. h3 g6 7. g4 Bg7 8. Bg2 O-O {B90: Sicilian Najdorf: Unusual White 6th moves, 6 Be3 Ng4 and 6 Be3 e5} 9. Be3 Nc6 10. Qd2 Bd7 {White is slightly better.} 11. O-O-O Rc8 12. f4 Ne8 $146 ({Predecessor:} 12... Na5 13. b3 Qc7 14. Nde2 b5 15. Nd5 Nxd5 16. exd5 {½-½ (32) Topalov,V (2785)-Mamedyarov,S (2757) Khanty-Mansiysk 2014}) 13. Kb1 b5 14. Nd5 e6 {White must now prevent ...Bxd4.} 15. Nxc6 Bxc6 16. Nb4 Bb7 17. e5 Bxg2 18. Qxg2 Rc4 19. Nd3 Nc7 20. Bb6 Qb8 21. Qf2 (21. Bxc7 $11 Qxc7 22. exd6 Qxd6 23. c3) 21... Nd5 $17 22. Ba7 Qb7 {And now ...Rfc8 would win.} 23. exd6 Rfc8 $36 {[%mdl 2048] Black has strong initiative.} 24. Bc5 Nf6 (24... b4 $17 25. h4 {[#]} Nc3+ $1 {[%mdl 512]} 26. bxc3 bxc3+ 27. Ka1 (27. Bb6 $2 Bd4 $19) 27... R8xc5) 25. Bb4 $11 Ne4 26. Qe1 {Strongly threatening Ne5.} Rxc2 27. d7 $2 {[%mdl 8192]} (27. Ne5 $11 {and White has nothing to worry.} Nf2 {[%mdl 64] Double Attack} 28. Rh2 Bxe5 29. fxe5) 27... Qxd7 $19 28. Ne5 Qb7 {Hoping for ...g5.} 29. Rd4 $2 {[#]} (29. Rf1 Nf6 30. Bc3) 29... Ng3 $1 {[%mdl 512]} 30. Rg1 (30. Qxg3 Qxh1+) 30... Ne2 {[%mdl 64] Double Attack. Accuracy: White = 52%, Black = 77%.} 0-1

[Event "Teplice Open 2019"]
[Site "Teplice"]
[Date "2019.06.15"]
[Round "1.19"]
[White "Dragnev, Valentin"]
[Black "Fraczek, Dariusz"]
[Result "1-0"]
[WhiteElo "2521"]
[BlackElo "2066"]
[Annotator "ChessBase"]
[PlyCount "47"]
[EventDate "2019.06.15"]
[EventType "swiss"]
[EventCountry "CZE"]
[SourceTitle "playchess.com"]
[Source "ChessBase"]
[SourceQuality "1"]
[TimeControl "40/5400+30:1800+30"]

1. Nf3 {[%emt 0:00:00]} Nf6 {[%emt 0:00:19]} 2. b3 {[%emt 0:00:32]} g6 {[%emt 0:00:18]} 3. Bb2 {[%emt 0:00:15]} Bg7 {[%emt 0:00:08]} 4. e3 {[%emt 0:01:00]} O-O {[%emt 0:00:40]} 5. d4 {[%emt 0:00:10]} d6 {[%emt 0:01:11]} 6. Be2 {[%emt 0:07:00]} Nbd7 {[%emt 0:02:18]} 7. O-O {[%emt 0:01:23]} e5 {[%emt 0:00:42]} 8. dxe5 {[%emt 0:00:57]} Ng4 {[%emt 0:00:31]} 9. c4 {[%emt 0:00:19]} Ngxe5 {[%emt 0:05:56]} 10. Nc3 {[%emt 0:00:09]} Nxf3+ {[%emt 0:14:29]} 11. Bxf3 {[%emt 0:00:27]} Ne5 {[%emt 0:00:51]} 12. Be2 {[%emt 0:00:06]} Qh4 {[%emt 0:03:53]} 13. Qd2 {[%emt 0:05:06]} Bg4 {[%emt 0:18:19]} 14. f3 {[%emt 0:03:34]} Be6 {[%emt 0:07:10]} 15. f4 {[%emt 0:11:15]} Ng4 {[%emt 0:15:37]} 16. h3 {[%emt 0:03:44]} Nh6 {[%emt 0:00:59]} 17. Bf3 {[%emt 0:01:02]} c6 {[%emt 0:06:13]} 18. Ne4 {[%emt 0:09:58]} Nf5 {[%emt 0:01:16]} 19. Bxg7 {[%emt 0:00:34]} Kxg7 {[%emt 0:10:35]} 20. g4 {[%emt 0:05:07]} Nh6 {[%emt 0:00:00]} 21. Qd4+ {[%emt 0:19:56]} f6 {[%emt 0:00:00]} 22. Qxd6 {[%emt 0:00:40]} Rae8 {[%emt 0:01:25]} 23. Kg2 {[%emt 0:03:18]} Bxg4 {[%emt 0:03:38]} 24. hxg4 {[%emt 0:00:32]} 1-0